[Event "Zonal 2.4 Absoluto 2013"]
[Site "Manaus BRA"]
[Date "2013.05.01"]
[Round "7.15"]
[White "Baeta,M"]
[Black "Andrade,Rob"]
[Result "1/2-1/2"]
[WhiteElo "2113"]
[BlackElo "2198"]

1.c4 c6 2.Nf3 d5 3.e3 Nf6 4.b3 Bg4 5.Be2 Bxf3 6.Bxf3 e5 7.O-O e4 8.Be2 Nbd7
9.d4 Rc8 10.Nc3 Bb4 11.Bd2 Bd6 12.f3 O-O 13.cxd5 cxd5 14.Nb5 Bb8 15.Bb4 exf3
16.Bxf3 Re8 17.Qe1 Qb6 18.a4 a6 19.Na3 Qe6 20.Bd2 Ne4 21.Bxe4 Qxe4 22.Qf2 Nf6
23.Qf5 Bd6 24.b4 Qe7 25.Rab1 Ne4 26.Be1 Red8 27.Rb3 g6 28.Qf3 Rc1 29.Rb1 Rc7
30.Rb3 Kg7 31.g3 f5 32.Nb1 Rc1 33.b5 Rc2 34.bxa6 bxa6 35.Nc3 Ng5 36.Qxd5 Qxe3+
37.Kh1 Rxh2+ 38.Kxh2 Bxg3+ 39.Bxg3 Rxd5 40.Rb7+ Kh6 41.Nxd5  1/2-1/2

[Event "Nakhchivan Open A 2013"]
[Site "Nakhchivan AZE"]
[Date "2013.05.01"]
[Round "9.6"]
[White "Khismatullin,D"]
[Black "Mirzoev,A"]
[Result "1-0"]
[WhiteElo "2640"]
[BlackElo "2557"]

1.c4 c6 2.Nf3 d5 3.e3 Nf6 4.Nc3 a6 5.d4 b5 6.b3 Bg4 7.Be2 e6 8.h3 Bh5 9.g4 Bg6
10.Ne5 Nfd7 11.Nxg6 hxg6 12.Bb2 Bd6 13.Qc2 Nf6 14.g5 Ng8 15.h4 Nd7 16.c5 Bc7
17.f4 Ne7 18.Kf2 Nf5 19.h5 gxh5 20.Bxh5 g6 21.Bf3 Rxh1 22.Rxh1 Qe7 23.Rh8+ Nf8
24.Ne2 O-O-O 25.e4 Ng7 26.e5 Nd7 27.Rh7 Rg8 28.Bg4 Qf8 29.Qd3 Rh8 30.Qh3 Rxh7
31.Qxh7 Ne8 32.Ng1 Qg7 33.Qh6 Qg8 34.Nf3 Ng7 35.Bc3 Nf5 36.Qh1 Kb7 37.a4 Ne7
38.Qh3 Nf5 39.Nh2 Nf8 40.Be2 Qh7 41.Qxh7 Nxh7 42.Ng4 Kc8 43.Bd3 Kd8 44.Ke1 Nf8
45.Kd2 Nd7 46.Kc1 Nb8 47.Nh2 Ne7 48.Nf3 Nc8 49.Kb2 Ke7 50.Ne1 Na7 51.Nc2 Kd7
52.Kc1 Ke7 53.Kd2 Ke8 54.Ke2 Ke7 55.Kf3 Bd8 56.Kg4 Bc7 57.Be1 Bd8 58.Ne3 Nc8
59.f5 exf5+ 60.Nxf5+ gxf5+ 61.Bxf5 bxa4 62.bxa4 Na7 63.Bh4 Kf8 64.e6 fxe6
65.Bxe6 a5 66.Bg3 Na6 67.Bd6+ Kg7 68.Be5+ Kg6 69.Bf5+ Kf7 70.g6+  1-0

[Event "ch-FRA Junior 2013"]
[Site "Saint-Paul-Trois-Chateaux FRA"]
[Date "2013.05.01"]
[Round "5.9"]
[White "Nicolazo,M"]
[Black "Cayla,J"]
[Result "0-1"]
[WhiteElo "1861"]
[BlackElo "2046"]

1.c4 c6 2.d4 d5 3.Nc3 Nf6 4.Nf3 dxc4 5.a4 Bf5 6.e3 e6 7.Bxc4 Bb4 8.Bd2 Nbd7
9.O-O O-O 10.h3 Qa5 11.Nh4 Ne4 12.Nxf5 Nxd2 13.Nh6+ gxh6 14.Qxd2 Kh8 15.e4 Qg5
16.Qxg5 hxg5 17.f4 gxf4 18.Rxf4 e5 19.Rxf7 Rxf7 20.Bxf7 exd4 21.Na2 a5 22.Rd1 Ne5
23.Bb3 d3 24.Nc1 Rd8 25.Bc2 d2 26.Na2 Nc4 27.Nxb4 axb4 28.Kf2 Nxb2 29.Rb1 d1=Q
30.Bxd1 Nxd1+ 31.Ke1 c5 32.e5 Nc3  0-1

[Event "Chinese Teams 2013"]
[Site "Tianjin CHN"]
[Date "2013.05.02"]
[Round "3.6"]
[White "Zhao Xue"]
[Black "Lei Tingjie"]
[Result "1/2-1/2"]
[WhiteElo "2565"]
[BlackElo "2232"]

1.c4 c6 2.Nf3 d5 3.b3 Nf6 4.Bb2 Bf5 5.g3 e6 6.Bg2 Nbd7 7.O-O Be7 8.d3 h6
9.Nbd2 O-O 10.Rc1 a5 11.a3 Re8 12.Rc2 Bh7 13.Qa1 Bd6 14.Rcc1 Qe7 15.cxd5 exd5
16.e4 dxe4 17.dxe4 Bxe4 18.Nxe4 Qxe4 19.Ne5 Qh7 20.Nxd7 Nxd7 21.Rfd1 Qg6
22.Bxg7 Ne5 23.Bxe5 Bxe5 24.Qa2 Rad8 25.Rxd8 Rxd8 26.Qe2 Qf6 27.Rc5 Bc3 28.Bf1 Kf8
29.Qg4 Be5 30.Rxa5 b5 31.Be2 Bd4 32.Qf3 Qg6 33.Kg2 Bc5 34.b4 Be7 35.Ra6 Rd6
36.Qc3 Bf6 37.Qc1 Kg7 38.Bf3 Qf5 39.Qe3 Re6 40.Qd2 Bg5 41.Qd1 Qg6 42.Qd4+ Bf6
43.Qd7 Bb2 44.Qd2 Qf6 45.Qc2 Rd6 46.Ra7 Qe5 47.Ra6 Rf6 48.Qd3 Qc7 49.Qc2 Qe5
50.Qd3 Qc7 51.Qb3 Bd4 52.Qd3 Bb2  1/2-1/2

[Event "ch-USA 2013"]
[Site "Saint Louis USA"]
[Date "2013.05.04"]
[Round "2"]
[White "Kaidanov,G"]
[Black "Holt,C"]
[Result "1/2-1/2"]
[WhiteElo "2593"]
[BlackElo "2513"]

1.c4 c6 2.Nf3 d5 3.g3 Nf6 4.Bg2 dxc4 5.O-O Nbd7 6.Na3 Nb6 7.Qc2 Be6 8.Ne5 Qd4
9.Nxc6 bxc6 10.Bxc6+ Kd8 11.Bxa8 Nxa8 12.d3 cxd3 13.Rd1 dxc2 14.Rxd4+ Bd7
15.Nxc2 e5 16.Rd1 Nb6 17.Be3 Kc7 18.Ne1 Nfd5 19.Rac1+ Kb7 20.Bc5 Bxc5 21.Rxc5 Be6
22.Nd3 e4 23.Ne5 Ne7 24.Rd4 f6 25.Rxe4 Bd5 26.Rg4 fxe5 27.Rxg7 Re8 28.e4 Bg8
29.Rxe5 Nc8 30.b3 Kc7 31.f4 Kd6 32.Kf2 Rf8 33.Ke3 Nc6 34.Rh5 N8e7 35.h4 Ke6
36.g4 Kf6 37.Rgg5 Rd8 38.Rc5 Kg7 39.Rc3 Rd1 40.Rg5+ Kf8 41.f5 Rd6 42.Rc5 h6
43.e5 Rd5 44.Rxg8+ Kxg8 45.Rxd5 Nxd5+ 46.Kf3 Nc3 47.e6 Nxa2 48.g5 hxg5 49.hxg5 Nc3
50.Ke3 Kf8 51.Kd3 Nd5 52.Kc4 Nc7 53.Kc5 Nb8 54.Kd6 Ne8+ 55.Kd5 Nc7+ 56.Kd6 Nb5+
57.Kc5 Nc3 58.Kd6 Nb5+ 59.Kc5 Nc3 60.Kd6 Nb5+  1/2-1/2

[Event "14th Euro Indiv 2013"]
[Site "Legnica POL"]
[Date "2013.05.05"]
[Round "1.25"]
[White "Donchenko,Alexa"]
[Black "Potkin,V"]
[Result "1/2-1/2"]
[WhiteElo "2452"]
[BlackElo "2666"]

1.c4 c6 2.g3 d5 3.Nf3 Nf6 4.Bg2 dxc4 5.O-O Nbd7 6.Na3 Nb6 7.Qc2 g6 8.Nxc4 Nxc4
9.Qxc4 Bg7 10.d3 Be6 11.Qc2 O-O 12.Bd2 Nd5 13.Rab1 a5 14.Ng5 Bd7 15.a3 Qb6
16.Rfc1 h6 17.Ne4 Rfd8 18.Nc5 Bc8 19.Qa4 Qb5 20.Qd1 e5 21.Rc4 Bf8 22.Qc1 h5
23.h3 Qb6 24.Bg5 Re8 25.Rc2 Bg7 26.Rc4 Bf8 27.Rc2 Bg7 28.Rc4 Bf8 29.Rc2  1/2-1/2

[Event "14th Euro Indiv 2013"]
[Site "Legnica POL"]
[Date "2013.05.06"]
[Round "2.14"]
[White "Ruck,R1"]
[Black "Grachev,B"]
[Result "0-1"]
[WhiteElo "2570"]
[BlackElo "2687"]

1.c4 c6 2.d4 d5 3.Nf3 Nf6 4.Nc3 e6 5.Bg5 Nbd7 6.e3 Qa5 7.cxd5 Nxd5 8.Qd2 Bb4
9.Rc1 h6 10.Bh4 b6 11.e4 Nxc3 12.bxc3 Ba3 13.Rb1 O-O 14.Bd3 Ba6 15.O-O Rfe8
16.Rfe1 Bxd3 17.Qxd3 Bf8 18.Rbd1 Rac8 19.a4 b5 20.axb5 cxb5 21.Ra1 Qb6 22.Reb1 a6
23.Nd2 e5 24.f3 exd4 25.cxd4 Ne5 26.Qe3 Nc6 27.Bf2 Nb4 28.Qe2 Nc2 29.d5 Qf6
30.Ra5 Na3 31.Rb3 Rc1+ 32.Nf1 Rc2 33.Qe1 Ra2 34.Be3 Rc8 35.Qd1 b4 36.Bd4 Qg5
37.g3 Rcc2 38.f4 Qe7 39.Qf3 Qc7 40.Rxa6 Rg2+ 41.Kh1 Qc2 42.Bg1 Bc5  0-1

[Event "14th Euro Indiv 2013"]
[Site "Legnica POL"]
[Date "2013.05.06"]
[Round "2.40"]
[White "Zontakh,A"]
[Black "Dubov,Danii"]
[Result "0-1"]
[WhiteElo "2521"]
[BlackElo "2622"]

1.c4 c6 2.Nf3 Nf6 3.Nc3 d5 4.e3 e6 5.b3 Bd6 6.Bb2 O-O 7.Be2 e5 8.cxd5 cxd5
9.Nb5 e4 10.Ne5 Ne8 11.f4 Be7 12.O-O f6 13.Ng4 Nc6 14.d3 Bxg4 15.Bxg4 f5
16.Be2 Bf6 17.Bxf6 Nxf6 18.d4 Kh8 19.Qe1 Qe7 20.a3 Rac8 21.b4 Rg8 22.Rc1 Qd7
23.Nc3 Ne7 24.Qh4 h6 25.Rc2 Rc7 26.Rfc1 Rgc8 27.Bd1 a6 28.Qe1 Ne8 29.Na4 Rxc2
30.Rxc2 Rxc2 31.Bxc2 Nd6 32.Qc3 Nc4 33.Nc5 Qc8 34.Bd1 b6 35.Na4 g5 36.fxg5 hxg5
37.h4 Qg8 38.Qe1 f4 39.hxg5 Qxg5 40.exf4 Qxf4 41.Nc3 Ne3 42.Qf2 Qg5 43.Bb3 Kg7
44.Ne2 Ng6 45.Qg3 Qxg3 46.Nxg3 Nf4 47.Kf2 Ng4+ 48.Kf1 Kf6 49.Ne2 Kg5 50.g3 Ng6
51.Nc3 Ne7 52.Ke1 Nf6 53.Bd1 Kf5 54.Be2 Nc6 55.Bxa6 Nxd4 56.Bc8+ Ke5 57.g4 Nc2+
58.Ke2 Nxa3 59.g5 Nh5 60.Bb7 Nf4+ 61.Kf1 Nc2 62.g6 Ne3+ 63.Kf2 Nf5 64.b5 e3+
65.Kf3 d4 66.Ne2 Nh4+ 67.Kg4 Nhxg6  0-1

[Event "14th Euro Indiv 2013"]
[Site "Legnica POL"]
[Date "2013.05.06"]
[Round "2.20"]
[White "Halkias,S"]
[Black "Sjugirov,S"]
[Result "1/2-1/2"]
[WhiteElo "2549"]
[BlackElo "2654"]

1.c4 c6 2.Nf3 d5 3.d4 Nf6 4.Nc3 dxc4 5.a4 Bf5 6.Ne5 Nbd7 7.Nxc4 Nb6 8.Ne3 Bg6
9.a5 Nbd5 10.Qb3 e6 11.Nexd5 Nxd5 12.h4 h5 13.e4 Nxc3 14.bxc3 Be7 15.Bd3 O-O
16.O-O c5 17.Be3 Bxh4 18.Qxb7 cxd4 19.cxd4 Bg5 20.Bxg5 Qxg5 21.Rfd1 h4 22.Qc7 Bh5
23.Rdc1 Bf3 24.Qh2 Rac8 25.Re1 Rc3 26.Bf1 Rd8 27.Kh1 Bh5 28.Qe5 Qxe5 29.dxe5 Rd2
30.Kg1 Rc5 31.a6 Rxe5 32.f3 Rg5 33.Re2 Rd6 34.Kh2 Rc5 35.Rb2 Rdc6 36.Rb7 Rc7
37.Rab1 g6 38.Rxc7 Rxc7 39.Rb7 Rc1 40.Bb5 Rc2 41.Kh3 g5 42.Rxa7 Rc1 43.Kh2 Rc2
44.Kg1 g4 45.fxg4 Bg6 46.Ba4 Rc1+ 47.Kf2 Bxe4 48.Be8 f6 49.Bf7+ Kg7 50.Bxe6+ Kh6
51.Bf5 Rc2+ 52.Kf1 Bxg2+ 53.Kg1 Ra2 54.Rh7+ Kg5  1/2-1/2

[Event "14th Euro Indiv 2013"]
[Site "Legnica POL"]
[Date "2013.05.06"]
[Round "2.114"]
[White "Schachinger,M"]
[Black "Matsenko,A"]
[Result "1-0"]
[WhiteElo "2443"]
[BlackElo "2212"]

1.c4 c6 2.Nf3 d5 3.d4 Nf6 4.Nc3 Bf5 5.cxd5 Nxd5 6.e3 e6 7.Bd3 Bxd3 8.Qxd3 Nd7
9.e4 Nxc3 10.bxc3 Qa5 11.O-O Rd8 12.Bg5 f6 13.Bf4 e5 14.Bg3 Nb6 15.Qc2 Qa4
16.Qb3 Qxb3 17.axb3 exd4 18.Nxd4 Nc8 19.Ne6 Rd3 20.Rfd1 Rxd1+ 21.Rxd1 Ne7
22.Rd8+ Kf7 23.Nxf8 Rxf8 24.Rd7 Ke6 25.Rxb7 a5 26.f4 g6 27.Bf2 Rd8 28.Bc5 Nc8
29.Rc7  1-0

[Event "14th Euro Indiv 2013"]
[Site "Legnica POL"]
[Date "2013.05.06"]
[Round "2.24"]
[White "Halkias,S"]
[Black "Sjugirov,S"]
[Result "1/2-1/2"]
[WhiteElo "2549"]
[BlackElo "2654"]

1.c4 c6 2.Nf3 d5 3.d4 Nf6 4.Nc3 dxc4 5.a4 Bf5 6.Ne5 Nbd7 7.Nxc4 Nb6 8.Ne3 Bg6
9.a5 Nbd5 10.Qb3 e6 11.Nexd5 Nxd5 12.h4 h5 13.e4 Nxc3 14.bxc3 Be7 15.Bd3 O-O
16.O-O c5 17.Be3 Bxh4 18.Qxb7 cxd4 19.cxd4 Bg5 20.Bxg5 Qxg5 21.Rfd1 h4 22.Qc7 Bh5
23.Rdc1 Bf3 24.Qh2 Rac8 25.Re1 Rc3 26.Bf1 Rd8 27.Kh1 Bh5 28.Qe5 Qxe5 29.dxe5 Rd2
30.Kg1 Rc5 31.a6 Rxe5 32.f3 Rg5 33.Re2 Rd6 34.Kh2 Rc5 35.Rb2 Rdc6 36.Rb7 Rc7
37.Rab1 g6 38.Rxc7 Rxc7 39.Rb7 Rc1 40.Bb5 Rc2 41.Kh3 g5 42.Rxa7 Rc1 43.Kh2 Rc2
44.Kg1 g4 45.fxg4 Bg6 46.Ba4 Rc1+ 47.Kf2 Bxe4 48.Be8 f6 49.Bf7+ Kg7 50.Bxe6+ Kh6
51.Bf5 Rc2+ 52.Kf1 Bxg2+ 53.Kg1 Ra2 54.Rh7+ Kg5 55.Rh5+ Kf4 56.Rxh4 Bf3 57.Rh7 Rxa6
58.Rg7  1/2-1/2

[Event "14th Euro Indiv 2013"]
[Site "Legnica POL"]
[Date "2013.05.06"]
[Round "2.69"]
[White "Fridman,D"]
[Black "Skytte,R"]
[Result "1/2-1/2"]
[WhiteElo "2648"]
[BlackElo "2426"]

1.c4 c6 2.Nf3 d5 3.e3 Nf6 4.Nc3 e6 5.b3 Bd6 6.Bb2 O-O 7.Qc2 e5 8.cxd5 cxd5
9.Nb5 Nc6 10.Nxd6 Qxd6 11.Bb5 Nb4 12.Qd1 Qc5 13.a4 Nc2+ 14.Kf1 Nxa1 15.Qxa1 e4
16.Bxf6 gxf6 17.Qxf6 exf3 18.gxf3 Qc1+ 19.Ke2 Qxh1 20.Qg5+ Kh8 21.Qf6+ Kg8
22.Qg5+ Kh8 23.Qf6+ Kg8 24.Qg5+  1/2-1/2

[Event "Oceania Open zt 2013"]
[Site "Nadi FIJ"]
[Date "2013.05.06"]
[Round "4.1"]
[White "Illingworth,M"]
[Black "Bjelobrk,I"]
[Result "0-1"]
[WhiteElo "2422"]
[BlackElo "2329"]

1.c4 c6 2.Nc3 d5 3.cxd5 cxd5 4.d4 Nf6 5.Bf4 Nc6 6.e3 Bf5 7.Bb5 e6 8.Qa4 Qb6
9.Nf3 Be7 10.Ne5 O-O 11.Bxc6 Rfc8 12.e4 dxe4 13.Bb5 a6 14.Bc4 Qxb2 15.Rc1 Bb4
16.Bd2 Bxc3 17.Rxc3 b5 18.Qb3 Qa1+ 19.Bc1 bxc4 20.Qa3 Nd5 21.Rxc4 Rxc4 22.Nxc4 Qxd4
23.Ne3 Nxe3 24.Bxe3 Qc4 25.Qb3 Qb5 26.Qxb5 axb5 27.O-O Rxa2 28.Rb1 Bg4 29.h4 Be2
30.Rc1 Bc4 31.Rd1 Bd3 32.Rc1 Bc2 33.Bc5 f6 34.Kh2 Kf7 35.Kg3 e5 36.Kg4 g6
37.h5 gxh5+ 38.Kxh5 Ke6 39.Kh6 Kd5 40.Be7 f5 41.Kxh7 f4 42.Kg7 Bd3 43.Bc5 Bc4
44.Bb6 e3 45.fxe3 Rxg2+ 46.Kf6 f3 47.e4+ Kxe4 48.Re1+ Be2 49.Bg1 Rxg1  0-1

[Event "14th Euro Indiv 2013"]
[Site "Legnica POL"]
[Date "2013.05.07"]
[Round "3.50"]
[White "Zhigalko,A"]
[Black "Arngrimsson,D"]
[Result "1-0"]
[WhiteElo "2603"]
[BlackElo "2390"]

1.c4 c6 2.e4 d5 3.exd5 cxd5 4.d4 Nf6 5.Nc3 g6 6.cxd5 Bg7 7.Bc4 O-O 8.Nge2 a6
9.O-O b5 10.Bb3 Bb7 11.Bg5 Nbd7 12.Re1 Nb6 13.Nf4 Re8 14.Qf3 Rc8 15.h4 Nc4
16.Re2 b4 17.Na4 Nxd5 18.Nc5 Nxf4 19.Qxf4 Qd5 20.Nxb7 Qxb7 21.Rae1 e6 22.d5 h6
23.dxe6 hxg5 24.hxg5 Be5 25.exf7+ Qxf7 26.Qxf7+ Kxf7 27.Rxe5 Rxe5 28.Rxe5 Kf8
29.Re4 Nxb2 30.Rxb4 Nd3 31.Rb6 Kg7 32.g3 Rc1+ 33.Kg2 Ne1+ 34.Kh3 Nf3 35.Kg4 Nh2+
36.Kf4 Rf1 37.Ke3 Re1+ 38.Kd3 Nf3 39.Rxa6 Nxg5 40.Bd5 Nh3 41.f3 Rg1 42.g4 Rd1+
43.Kc4  1-0

[Event "14th Euro Indiv 2013"]
[Site "Legnica POL"]
[Date "2013.05.07"]
[Round "3.137"]
[White "Dubinski,M"]
[Black "Korcz,D"]
[Result "1-0"]
[WhiteElo "2219"]
[BlackElo "1855"]

1.c4 c6 2.Nf3 d5 3.b3 Nf6 4.Bb2 Bf5 5.g3 e6 6.Bg2 Nbd7 7.O-O Be7 8.d3 O-O
9.Nh4 Bg4 10.h3 Bh5 11.Qc2 Ne8 12.Nf3 Rc8 13.Nc3 b5 14.Rfd1 bxc4 15.dxc4 f5
16.Nd4 Bf7 17.cxd5 cxd5 18.Qd2 Nef6 19.Rac1 Nc5 20.Qe3 Nfe4 21.Nxe4 fxe4
22.f4 Qd7 23.Ba1 Nb7 24.Qd2 Ba3 25.Rxc8 Rxc8 26.e3 Nd6 27.Bf1 Qb7 28.Qa5 Bb4
29.Qa6 Qxa6 30.Bxa6 Rc7 31.Bb2 Nf5 32.Nxf5 exf5 33.Rc1 Rxc1+ 34.Bxc1 Bc3
35.Bc8 g6 36.Kf2 d4 37.exd4 Bxd4+ 38.Be3 Bb6 39.Bxb6 axb6 40.g4 fxg4 41.hxg4 Bd5
42.g5 Kg7 43.Ke3 h6 44.Bh3 hxg5 45.fxg5 b5 46.Bg2 b4 47.Bxe4 Be6 48.Kd4 Bf5
49.Bxf5 gxf5 50.Ke5  1-0

[Event "14th Euro Indiv 2013"]
[Site "Legnica POL"]
[Date "2013.05.07"]
[Round "3.16"]
[White "Shengelia,D"]
[Black "Postny,E"]
[Result "1-0"]
[WhiteElo "2546"]
[BlackElo "2637"]

1.c4 c6 2.Nf3 d5 3.e3 Nf6 4.Nc3 a6 5.b3 Bg4 6.Bb2 e6 7.Be2 Nbd7 8.h3 Bxf3
9.Bxf3 Bd6 10.d4 Qe7 11.O-O Ba3 12.Bxa3 Qxa3 13.Qc2 O-O 14.c5 e5 15.Rfd1 exd4
16.exd4 Qa5 17.b4 Qc7 18.a4 Rfe8 19.b5 axb5 20.axb5 Nf8 21.b6 Qb8 22.g3 Ne6
23.Qd2 g6 24.h4 h5 25.Kg2 Ng7 26.Qg5 Nh7 27.Rxa8 Qxa8 28.Qf4 Ne6 29.Qd2 Qa3
30.Ne2 Nf6 31.Nf4 Kg7 32.Nxe6+ Rxe6 33.Re1 Ne4 34.Bxe4 dxe4 35.d5 Qf3+ 36.Kg1 e3
37.Rxe3 Rxe3 38.Qd4+ Kh7 39.fxe3 Qe2 40.e4 Qe1+ 41.Kg2 Qe2+ 42.Qf2 Qxe4+
43.Qf3 Qc2+ 44.Kh3 Qxc5 45.dxc6 Qxb6 46.Qxf7+ Kh6 47.cxb7 Qc6 48.Kh2 Qc2+
49.Kg1 Qb1+ 50.Kg2 Qb2+ 51.Kh3 Qb1 52.Qf3 Kh7 53.Kh2 Qb2+ 54.Qg2 Qb6 55.Qf3 Qb2+
56.Kh3 Qb1 57.g4 hxg4+ 58.Kxg4 Qb4+ 59.Kh3 Kg7 60.Qd5 Qc3+ 61.Kg4 Qb4+ 62.Kf3 Qc3+
63.Ke4 Qc2+ 64.Ke5 Qh2+ 65.Ke6 Qh3+ 66.Kd6 Qa3+ 67.Kd7 Qh3+ 68.Qe6 Qd3+ 69.Kc8 Qc3+
70.Kd8 Qb2 71.Kc7 Qc3+ 72.Qc6 Qe5+ 73.Kc8 Kh6 74.Qc1+  1-0

[Event "Norway Supreme Masters Blitz 2013"]
[Site "Stavanger NOR"]
[Date "2013.05.07"]
[Round "8.1"]
[White "Svidler,P"]
[Black "Topalov,V"]
[Result "1-0"]
[WhiteElo "2769"]
[BlackElo "2793"]

1.c4 c6 2.e4 e5 3.Nf3 d6 4.d4 Nd7 5.Nc3 Ngf6 6.Be2 Be7 7.O-O O-O 8.Rb1 a6
9.b4 Qc7 10.Qc2 Re8 11.Rd1 h6 12.h3 Nf8 13.Be3 Ng6 14.dxe5 dxe5 15.Na4 Be6
16.Bb6 Qb8 17.Nc5 Nf4 18.Nxe6 Nxe6 19.c5 Bd8 20.Bc4 Bxb6 21.cxb6 Re7 22.a4 a5
23.b5 c5 24.Bxe6 Rxe6 25.Qxc5 Qf8 26.Rbc1 Nxe4 27.Qd5 Nf6 28.Qxb7 Rb8 29.Qa7 e4
30.Nd4 Rexb6 31.Nc6 R6b7 32.Qxa5 Re8 33.Rd8 Kh7 34.Rxe8 Qxe8 35.Qc3 Rd7 36.b6 Rd3
37.Qe5 Qd7 38.Qc7 Rd1+ 39.Rxd1 Qxd1+ 40.Kh2 e3 41.fxe3 Nd5 42.Qd6 Qb3 43.Nd4 Qxe3
44.Qxd5 Qf4+ 45.Kg1 Qc1+ 46.Kf2 Qd2+ 47.Kg3  1-0

[Event "14th Euro Indiv 2013"]
[Site "Legnica POL"]
[Date "2013.05.08"]
[Round "4.106"]
[White "Dubinski,M"]
[Black "Mammadov,Z"]
[Result "1-0"]
[WhiteElo "2219"]
[BlackElo "2442"]

1.c4 c6 2.e4 e5 3.Nc3 Nf6 4.Nf3 d6 5.d4 Nbd7 6.Be2 exd4 7.Nxd4 g6 8.O-O Bg7
9.Be3 O-O 10.Qd2 Re8 11.f3 Qe7 12.Nc2 Ne5 13.b3 Be6 14.h3 Ned7 15.Rad1 Nh5
16.Nd4 Nf8 17.f4 Ng3 18.Rf3 Nxe2+ 19.Ndxe2 Rad8 20.Bxa7 b5 21.Bb6 Rb8 22.Bd4 Bxd4+
23.Nxd4 b4 24.Nxc6 Qb7 25.Nd5 Qxc6 26.Nf6+ Kh8 27.Qb2 Re7 28.Nd5+  1-0

[Event "14th Euro Indiv 2013"]
[Site "Legnica POL"]
[Date "2013.05.08"]
[Round "4.81"]
[White "Dvirnyy,D"]
[Black "Arngrimsson,D"]
[Result "1/2-1/2"]
[WhiteElo "2541"]
[BlackElo "2390"]

1.c4 c6 2.e4 d5 3.exd5 cxd5 4.d4 Nf6 5.Nc3 g6 6.Qb3 Bg7 7.cxd5 O-O 8.Be2 Na6
9.Bf3 Qb6 10.Qxb6 axb6 11.Nge2 Nb4 12.O-O Rd8 13.Bf4 Nfxd5 14.Bg3 Be6 15.Rfd1 g5
16.a3 Nc6 17.Nb5 Rd7 18.Rac1 Ra5 19.Nbc3 Nxc3 20.Rxc3 Bd5 21.Bh5 Be6 22.Bf3 Bd5
23.Bh5 Be6 24.Bf3  1/2-1/2

[Event "14th Euro Indiv 2013"]
[Site "Legnica POL"]
[Date "2013.05.08"]
[Round "4.47"]
[White "Melkumyan,H"]
[Black "Bluebaum,M"]
[Result "1-0"]
[WhiteElo "2622"]
[BlackElo "2511"]

1.c4 c6 2.Nf3 d5 3.e3 Bf5 4.cxd5 cxd5 5.Qb3 Qc7 6.Bb5+ Bd7 7.Nc3 e6 8.d4 Bxb5
9.Qxb5+ Nc6 10.Bd2 Nf6 11.Ne5 a6 12.Qa4 Nd7 13.Nxc6 Nb6 14.Qb3 Qxc6 15.Rc1 Nc4
16.Ne2 a5 17.e4 Nxd2 18.Kxd2 Bb4+ 19.Kd1 Qd7 20.a3 Be7 21.exd5 exd5 22.Nc3 Qg4+
23.f3 Qxd4+ 24.Kc2 O-O 25.Qxd5 Qf2+ 26.Kb1 Rfd8 27.Rc2 Qb6 28.Qb5 Qg6 29.Ne4 Ra6
30.Rhc1 Qe6 31.Qc4 Qxc4 32.Rxc4 f5 33.Nc5 Rb6 34.R1c2 Kf7 35.Ka2 Bf6 36.Nb3 Rd5
37.a4 Kg6 38.Rc5 Rxc5 39.Rxc5 Re6 40.Nxa5 Ra6 41.b4 Be7 42.Rb5 Bxb4 43.Nc4 Be7
44.Rxb7 Bf6 45.Kb3  1-0

[Event "14th Euro Indiv 2013"]
[Site "Legnica POL"]
[Date "2013.05.09"]
[Round "5.84"]
[White "Zude,E"]
[Black "Michiels,B"]
[Result "1/2-1/2"]
[WhiteElo "2382"]
[BlackElo "2505"]

1.c4 c6 2.e4 d5 3.exd5 cxd5 4.d4 Nf6 5.Nc3 Nc6 6.Bg5 Be6 7.a3 g6 8.Bxf6 exf6
9.c5 Bg7 10.Bb5 O-O 11.Nge2 f5 12.Qd2 Na5 13.Rd1 a6 14.Bd3 Nb3 15.Qf4 g5
16.Qf3 Nxd4 17.Nxd4 Bxd4 18.Bxf5 Qf6 19.Nxd5 Qe5+ 20.Qe4 Qxe4+ 21.Bxe4 Bxb2
22.O-O Bxa3 23.Nf6+ Kg7 24.Nxh7 Rfd8 25.Nxg5 Bc4 26.Bxb7 Bxf1 27.Rxf1 Bxc5
28.Bxa8 Rxa8 29.Ra1 a5 30.Ra4 Bb4 31.f4 Rd8 32.Kf2 Rd2+ 33.Kf3 Rd3+ 34.Ke4 Rd2
35.Kf3 f5 36.h3 Rd3+ 37.Ke2 Rd2+ 38.Kf3 Rd3+ 39.Ke2 Rg3 40.Kf2 Rd3  1/2-1/2

[Event "14th Euro Indiv 2013"]
[Site "Legnica POL"]
[Date "2013.05.09"]
[Round "5.70"]
[White "Mista,A"]
[Black "Skytte,R"]
[Result "1-0"]
[WhiteElo "2574"]
[BlackElo "2426"]

1.c4 c6 2.Nf3 d5 3.e3 Nf6 4.Nc3 e6 5.b3 Bd6 6.Bb2 O-O 7.Be2 a6 8.d4 Nbd7
9.O-O b5 10.Qc2 bxc4 11.bxc4 dxc4 12.Na4 Qe7 13.Bxc4 e5 14.dxe5 Nxe5 15.Nxe5 Bxe5
16.Bxe5 Qxe5 17.Be2 Rb8 18.Qc5 Nd5 19.Rac1 Be6 20.Rfd1 a5 21.a3 f6 22.Bf3 Rfc8
23.h3 Bf7 24.Bxd5 Bxd5 25.Nb6 Rd8 26.Qxa5 Qc7 27.Nc4 Qe7 28.Qc3 Qe4 29.f3 Qxc4
30.Qxc4 Bxc4 31.Rxd8+ Rxd8 32.Rxc4 Rd3 33.a4 Rxe3 34.Rxc6 Ra3 35.Ra6 h5 36.h4 Kf7
37.Ra7+ Kg6 38.Ra5 Ra2 39.Kh2 Kh6 40.Kg3 Kg6 41.Ra7 Kh6 42.a5 Kg6 43.a6 Ra4
44.Ra8 Kf7 45.Ra7+ Kg6 46.Kf2 Ra2+ 47.Ke3 Rxg2 48.Rc7 Ra2 49.a7 Kh6 50.f4 Ra4
51.Kd3 Kg6 52.Kc3 Kf5 53.Kb3 Ra1 54.Kb4 Kg4 55.f5 Kxh4 56.Rxg7 Kh3 57.Kb5 h4
58.Kb6 Kh2 59.Kb7 Rb1+ 60.Kc8 Rc1+ 61.Kb8 h3 62.a8=Q Rc8+ 63.Kb7 Rc7+ 64.Rxc7  1-0

[Event "14th Euro Indiv 2013"]
[Site "Legnica POL"]
[Date "2013.05.09"]
[Round "5.112"]
[White "Svana,P"]
[Black "Matsenko,S"]
[Result "1/2-1/2"]
[WhiteElo "2255"]
[BlackElo "2485"]

1.c4 c6 2.Nc3 d5 3.d4 Nf6 4.e3 a6 5.Nf3 e6 6.Bd3 dxc4 7.Bxc4 b5 8.Bd3 c5
9.O-O Bb7 10.Qe2 cxd4 11.exd4 Be7 12.Bg5 O-O 13.Rfd1 Nbd7 14.Ne5 Nd5 15.Bd2 N7f6
16.Ne4 Qb6 17.Nxf6+ Nxf6 18.Bg5 Qd6 19.Qe3 g6 20.Qh3 Nh5 21.Be3 Bf6 22.Rac1 Bxe5
23.dxe5 Qxe5 24.Qh4 Rac8 25.Rxc8 Rxc8 26.Bf1 Bd5 27.b3 Qe4 28.Qg5 f6 29.Qh6 Ng7
30.Rd4 Nf5 31.Rxe4 Nxh6 32.Rb4 Nf5 33.Bb6 Rc1 34.f3 Ne7 35.Rd4 Kf7 36.Rd2 g5
37.Kf2 h5 38.Bd3 h4 39.Rc2 Rxc2+ 40.Bxc2 Nc6 41.Bc5 Ne5 42.Bd4 Nd7 43.a4 e5
44.Be3 bxa4 45.bxa4 Be6  1/2-1/2

[Event "14th Euro Indiv 2013"]
[Site "Legnica POL"]
[Date "2013.05.09"]
[Round "5.139"]
[White "Wolff,Pe"]
[Black "Korcz,D"]
[Result "1-0"]
[WhiteElo "1962"]
[BlackElo "1855"]

1.c4 c6 2.g3 d5 3.Bg2 Nf6 4.Nf3 e6 5.b3 Nbd7 6.Bb2 Bd6 7.O-O O-O 8.cxd5 exd5
9.d3 Bc5 10.Nbd2 Re8 11.Rc1 Qe7 12.Qc2 Ba3 13.Bxa3 Qxa3 14.e4 dxe4 15.dxe4 Nb6
16.e5 Ng4 17.Rfe1 g6 18.Qc3 Nd5 19.Qc4 Be6 20.Ng5 Nde3 21.Qf4 Nxg2 22.Kxg2 Bd5+
23.Kg1 Nh6 24.e6 fxe6 25.Nde4 Rf8 26.Qc7 Rf7 27.Nxf7 Nxf7 28.Nf6+ Kg7 29.Nxd5 exd5
30.Qxb7 Re8 31.Qxc6 Rxe1+ 32.Rxe1 Qxa2 33.Qxd5 Qb2 34.Re7 Qa1+ 35.Kg2 Qf6
36.Rxa7  1-0

[Event "14th Euro Indiv 2013"]
[Site "Legnica POL"]
[Date "2013.05.09"]
[Round "5.63"]
[White "Kjartansson,G"]
[Black "Fridman,D"]
[Result "1/2-1/2"]
[WhiteElo "2446"]
[BlackElo "2648"]

1.c4 c6 2.Nf3 Nf6 3.g3 d5 4.Bg2 dxc4 5.O-O Nbd7 6.Qc2 e5 7.Qxc4 Bd6 8.d3 O-O
9.b3 Qe7 10.Bb2 a5 11.Qc2 a4 12.Nbd2 a3 13.Bc1 Bb4 14.Nc4 Re8 15.Rb1 e4 16.Nd4 exd3
17.exd3 Qc5 18.Nf3 Nd5 19.d4 Qf8 20.Bd2 N7f6 21.Nfe5 g6 22.Ne3 Be6 23.Rbd1 Red8
24.Nd3 Bxd2 25.Qxd2 b6 26.Rc1 Rac8 27.Nc4 Qe7 28.b4 Qa7 29.Nce5 Qa4 30.Rfd1 Kg7
31.h3 Ne7 32.Nf4 Bd5 33.Nxd5 Nfxd5 34.Rb1 c5 35.bxc5 bxc5 36.Ng4 c4 37.Qh6+ Kg8
38.Re1 Qa6 39.Re5 f6 40.Ree1 Nf5 41.Qc1 Rd7 42.Be4 Nfe7 43.h4 h5 44.Ne3 Nxe3
45.Rxe3 Qd6 46.Rxa3 Qxd4 47.Re3 Nd5 48.Bxd5+ Qxd5 49.Qc3 Qd4 50.a4 Qxc3 51.Rxc3 Rd3
52.Rxd3 cxd3 53.Rd1 Rc3 54.Kg2 Ra3 55.Kf3 Kf7 56.Ke3 d2+ 57.Kxd2 Rxa4 58.Ke3  1/2-1/2

[Event "Oceania Open zt 2013"]
[Site "Nadi FIJ"]
[Date "2013.05.09"]
[Round "8.1"]
[White "Johansen,D"]
[Black "Tan,Ju2"]
[Result "1-0"]
[WhiteElo "2430"]
[BlackElo "2249"]

1.c4 c6 2.e4 d5 3.exd5 Nf6 4.d4 cxd5 5.Nc3 Nc6 6.Nf3 Bg4 7.cxd5 Nxd5 8.Be2 e6
9.O-O Be7 10.h3 Bh5 11.Qb3 Nb6 12.Qb5 Bxf3 13.Bxf3 O-O 14.Ne2 Nxd4 15.Nxd4 Qxd4
16.Rd1 Qc5 17.Qxc5 Bxc5 18.Bxb7 Rad8 19.Bd2 Bd4 20.Bb4 Bxb2 21.Bxf8 Rxf8
22.Rab1 Be5 23.Rb5 f6 24.Ra5 Bb8 25.Rc5 Kf7 26.Ba6 Ke7 27.Rc6 Be5 28.g3 g5
29.a4 Nd5 30.Rb1 Rd8 31.Rb7+ Rd7 32.Rc8 f5 33.Rxd7+ Kxd7 34.Rg8 Bf6 35.Kf1 Ne7
36.Rf8 Bd4 37.Bb5+ Kd6 38.Rd8+ Ke5 39.Rh8 Kd6 40.Rxh7 g4 41.hxg4 fxg4 42.Rh4  1-0

[Event "II Maremma Open"]
[Site "Grosseto ITA"]
[Date "2013.05.10"]
[Round "2"]
[White "Cialli,Antonio"]
[Black "Zimina,O"]
[Result "0-1"]
[WhiteElo "1675"]
[BlackElo "2334"]

1.c4 c6 2.Nf3 d5 3.d4 e6 4.e3 Nf6 5.a3 Nbd7 6.Nc3 Bd6 7.c5 Bc7 8.Be2 e5 9.b4 a6
10.O-O O-O 11.Bb2 Re8 12.Qc2 e4 13.Nd2 Nf8 14.Rfe1 Ng4 15.Bxg4 Bxg4 16.Ne2 Qg5
17.Ng3 h5 18.f3 exf3 19.Nxf3 Bxf3 20.gxf3 Rxe3 21.Qg2 Ng6 22.Rxe3 Qxe3+ 23.Qf2 Qxf2+
24.Kxf2 h4 25.Nf5 Re8 26.Re1 Rxe1 27.Kxe1 Bxh2 28.Bc1 h3 29.Kf2 f6 30.Nd6 Bxd6
31.cxd6 Kf7  0-1

[Event "14th Euro Indiv 2013"]
[Site "Legnica POL"]
[Date "2013.05.10"]
[Round "6.67"]
[White "Fridman,D"]
[Black "Fodor,T jr"]
[Result "1-0"]
[WhiteElo "2648"]
[BlackElo "2475"]

1.c4 c6 2.Nf3 Nf6 3.g3 d5 4.Bg2 Bg4 5.Ne5 Be6 6.cxd5 Bxd5 7.Nf3 c5 8.O-O e6
9.d3 Be7 10.Nc3 Bc6 11.e4 b5 12.Ne5 b4 13.Nxc6 Nxc6 14.e5 Nxe5 15.Bxa8 Qxa8
16.f4 Nc6 17.Ne4 Nd5 18.Bd2 f5 19.Ng5 Bxg5 20.fxg5 Nd4 21.Qa4+ Kf7 22.Rae1 Re8
23.g4 Re7 24.Qd1 g6 25.Re4 Qb7 26.gxf5 exf5 27.Qg4 Kg7 28.Rxe7+ Qxe7 29.Qg2 Qd6
30.Re1 a5 31.Qh3 Ne6 32.Qg3 f4 33.Qg2 h6 34.gxh6+ Kh7 35.h4 Kxh6 36.Qe4 Nd4
37.Kf2 Qf6 38.Kg2 Qf7 39.Qe8 Qg7 40.Qe5 Ne3+ 41.Rxe3 fxe3 42.Bxe3+ Kh7 43.Qxg7+ Kxg7
44.Bxd4+ cxd4 45.Kf3 Kh6 46.Ke4 Kh5 47.Kxd4 Kxh4 48.Ke5 g5 49.d4 g4 50.d5 g3
51.d6 g2 52.d7 g1=Q 53.d8=Q+ Kh3 54.Qh8+  1-0